00872nam a2200181 a 450000100100000000500170001000800410002704000250006811000700009324500830016326000640024630000200031049000560033059000610038683000630044795201630051099900170067300004563420201002052346.0150420s2002 dr 000 0 spa d aDO-SdBNPbspacBNPHU1 aRepública DominicanabSecretaría de Estado de Finanzas93226410aBalance de una gestión. :bdepartamento de fiscalización de hidrocarburos. aSanto Domingo :bSecretaría de Estado de Finanzas,c2002. a26 p. ;c21 cm.1 aDepartamento de fiscalización de hidrocarburosv7 aPerteneció a la biblioteca personal de Erick Landestoy 0aDepartamento de fiscalización de hidrocarburosn7973700 0010718PDaPDbPDcHDd2015-04-20iLF1l0o p45634-10r2020-06-25w2020-06-25yLFPDzPerteneció a la biblioteca personal de Erick LandestoyZNo se presta c45123d45123